| 000 | 01165 a2200325 4500 | ||
|---|---|---|---|
| 999 |
_c200001303 _d24998 |
||
| 001 | 200001303 | ||
| 003 | TR-AnTOB | ||
| 005 | 20251014073923.0 | ||
| 008 | 100730s2007 tu 000 0 | ||
| 020 | _a975486658X | ||
| 040 |
_aTR-AnTOB _cTR-AnTOB |
||
| 041 | _atur | ||
| 050 | 1 | 4 |
_aJC571 _b.R45 2001 |
| 090 | _aJC571 .R45 2001 | ||
| 100 | 1 |
_aReisoğlu, Safa _938720 |
|
| 245 | 1 | 0 |
_aUluslararası boyutlarıyla insan hakları / _cSafa Reisoğlu. |
| 250 | _a1.basım | ||
| 264 | 1 |
_aIstanbul : _bBeta , _c2001 |
|
| 300 |
_a326 s. _c21 cm. |
||
| 336 |
_2rdacontent _atext _btxt |
||
| 337 |
_2rdamedia _aunmediated _bn |
||
| 338 |
_2rdacarrier _avolume _bnc |
||
| 490 | 0 |
_aBeta Basım ; _v1119 _aHukuk Dizisi ; _v451 |
|
| 504 | _aIncludes bibliographical references. | ||
| 505 | _aİçindekiler: Tarihi gelişim. İnsan haklarının Birleşmiş Milletler düzeyinde belirlenip korunması. İnsan haklarının Avrupa konseyi düzeyinde belirlenip, korunması. İnsan haklarına ilişkin uluslararası belgeler ve sözleşmeler. | ||
| 650 |
_9107072 _aHuman rights law _xLaw |
||
| 650 | 7 |
_aİnsan hakları _2etuturkob _911238 |
|
| 942 |
_cBK _2lcc |
||